Strömungs- und Durchflussmesstechnik /
Uložené v:
| Hlavný autor: | |
|---|---|
| Médium: | Kniha |
| Jazyk: | German |
| Vydavateľské údaje: |
München :
R.Oldenbourg Verlag,
1992
|
| Vydanie: | 1. Auflage. |
| Tagy: |
Žiadne tagy, Buďte prvý, kto otaguje tento záznam!
|
MARC
| LEADER | 00000nam a22000003a 4500 | ||
|---|---|---|---|
| 001 | stu32939 | ||
| 005 | 20150617225733.2 | ||
| 008 | 970123s1992----gw------------------ger-d | ||
| 020 | |a 3-486-22119-1 | ||
| 040 | |a STU |b slo | ||
| 041 | 0 | |a ger | |
| 044 | |a gw | ||
| 100 | 1 | |a Fiedler, Otto |4 aut | |
| 245 | 1 | |a Strömungs- und Durchflussmesstechnik / |c [aut.] Fiedler,Otto | |
| 250 | |a 1. Auflage. | ||
| 260 | |a München : |b R.Oldenbourg Verlag, |c 1992 | ||
| 300 | |a 360 s | ||
| 996 | |b J92916 |c J*92916 |l JJK14 |s P |a 0 |w stu32939_0001 | ||